000 00654nam a22001937a 4500
003 OSt
005 20240906152733.0
008 240906b ||||| |||| 00| 0 eng d
040 _cAIMIT LIBRARY
100 _aSamuel, Selvin.
_e2216174
_9178917
245 _aAnalysis of stock performance of automobile sector:
_bcomparison of pre and post covid 19 era /
_cBy Selvin Samuel ; Guided by Divya Pereira.
260 _c2024.
650 _aResearch methodology
_9178918
650 _aData analysis and interpretations
_9178919
650 _aLiterature review
_9178920
700 _aPereira, Divya.
_eGuide
_9178921
856 _3Winnest
942 _2ddc
_cPRO
999 _c231778
_d231778